August Švagrovský a jeho sbírka /

Hlavní autor: Hlaváčková, Miroslava, 1942-2020
Jazyk: Čeština
Vydáno: Roudnice nad Labem : Galerie moderního umění v Roudnici nad Labem, 2008
Vydání: Vyd. 1.
Témata:
Fyzický popis: 189 s. : barev. il., faksim. ; 31 cm
Language note: Anglické a německé resumé
Knihy
Uloženo v:
LEADER 02801nam a2200697 a 4500
001 nkc20081828973
003 CZ PrNK
005 20090116154622.0
007 ta
008 081114s2008 xr ah f c 000 0dcze
015 |a cnb001828973 
020 |a 978-80-85053-75-3  |q (váz.) 
035 |a (OCoLC)298778984 
040 |a ABA001  |b cze  |d BOA001 
041 0 |a cze  |b eng  |b ger 
043 |a e-xr---  |b e-xr-us  |2 czenas 
045 |a w-x-  |a u-x- 
072 7 |a 75  |x Malířství  |2 Konspekt  |9 21 
080 |a 7.078  |2 MRF 
080 |a 069.5-027.551  |2 MRF 
080 |a 75(437.3)  |2 MRF 
080 |a 75(4)  |2 MRF 
080 |a 72/76:069.5  |2 MRF 
080 |a (437.315)  |2 MRF 
080 |a (437.3)  |2 MRF 
080 |a (048.8)  |2 MRF 
080 |a (083.81)  |2 MRF 
100 1 |a Hlaváčková, Miroslava,  |d 1942-2020  |7 jn99240000291  |4 aut 
245 1 0 |a August Švagrovský a jeho sbírka /  |c Miroslava Hlaváčková 
250 |a Vyd. 1. 
260 |a Roudnice nad Labem :  |b Galerie moderního umění v Roudnici nad Labem,  |c 2008 
300 |a 189 s. :  |b barev. il., faksim. ;  |c 31 cm 
500 |a "100. výročí založení Galerie moderního umění v Roudnici nad Labem 1910-2010"--Preliminaria 
500 |a 700 výt. 
546 |a Anglické a německé resumé 
600 1 7 |a Švagrovský, August,  |d 1847-1931  |7 jk01131799  |2 czenas 
610 2 7 |a Galerie moderního umění (Roudnice nad Labem, Česko).  |b Sbírka umění 20. a 21. století  |7 kn20081204006  |2 czenas 
610 2 7 |a Galerie moderního umění (Roudnice nad Labem, Česko)  |7 kn20010709267  |2 czenas 
648 7 |a 19.-20. století  |7 ch757015  |2 czenas 
648 7 |a 17.-20. století  |7 ch757026  |2 czenas 
650 0 7 |a mecenáši  |7 ph122719  |z Česko  |y 19.-20. století  |2 czenas 
650 0 7 |a soukromé sbírky  |7 ph135214  |z Česko  |y 19.-20. století  |2 czenas 
650 0 7 |a české malířství  |7 ph116864  |y 17.-20. století  |2 czenas 
650 0 7 |a evropské malířství  |7 ph120073  |y 17.-20. století  |2 czenas 
650 0 7 |a umělecké sbírky  |7 ph135222  |z Česko  |2 czenas 
650 0 9 |a art patrons  |z Czechia  |y 19th-20th centuries  |2 eczenas 
650 0 9 |a private collections  |z Czechia  |y 19th-20th centuries  |2 eczenas 
650 0 9 |a Czech painting  |y 17th-20th centuries  |2 eczenas 
650 0 9 |a European painting  |y 17th-20th centuries  |2 eczenas 
650 0 9 |a art collections  |z Czechia  |2 eczenas 
651 7 |a Roudnice nad Labem (Česko)  |7 ge130668  |2 czenas 
651 9 |a Roudnice nad Labem (Czechia)  |2 eczenas 
655 7 |a monografie  |7 fd132842  |2 czenas 
655 7 |a katalogy  |7 fd132535  |2 czenas 
655 9 |a monographs  |2 eczenas 
655 9 |a catalogs  |2 eczenas 
910 2 |a BOA001  |b 4-1213.484 
990 |a BK 
995 |a 01 
991 |b 200811  |c NOV 
996 6 |b 2610359576  |c 4-1213.484  |l MZK  |r Sklad / do 1 hodiny  |n 1  |p p.v.  |w 000919979  |u 000010  |a 1  |e BOA001  |j MZK50  |s P